Oxford wordpower dictionary

Бібліографічні деталі
Інші автори: Steel M. Miranda (редактор)
Мова:Англійська
Опубліковано: New York, Oxford University Press, 2002
Предмети:
Формат: Книга
KOHA link:https://koha.lib.tpu.ru/cgi-bin/koha/opac-detail.pl?biblionumber=52242

MARC

LEADER 00000nam0a2200000 4500
001 52242
005 20231031041316.0
010 |a 0194315169 
035 |a (RuTPU)RU\TPU\book\54747 
090 |a 52242 
100 |a 20030527d2002 km y0engy50 ba 
101 0 |a eng 
102 |a US 
105 |a a e 000zy 
200 1 |a Oxford wordpower dictionary  |f Под ред. M. Steel 
210 |a New York  |c Oxford University Press  |d 2002 
215 |a 794 p.  |c il. 
610 1 |a английский язык 
610 1 |a лексика 
610 1 |a словари 
686 |a Ш143.21-4  |v LBC/SL-A  |2 rubbk 
702 1 |a Steel  |b M.  |g Miranda  |4 340 
801 1 |a RU  |b 63413507  |c 20030527  |g PSBO 
801 2 |a RU  |b 63413507  |c 20210408  |g PSBO 
942 |c BK